[Event "GER-chT U14"]
[Site "Duesseldorf"]
[Date "2016.12.28"]
[Round "4.2"]
[White "Kostenko, Peter Alexander"]
[Black "Kuehn von Burgsdorff, Johannes"]
[Result "1/2-1/2"]
[WhiteElo "1220"]
[BlackElo "1211"]
[PlyCount "93"]
[EventDate "2016.12.27"]
[EventType "team-swiss"]
[EventRounds "7"]
[EventCountry "GER"]
[SourceTitle "EXT 2018"]
[Source "ChessBase"]
[SourceDate "2017.10.13"]
[SourceVersion "1"]
[SourceVersionDate "2017.10.13"]
[SourceQuality "1"]
[WhiteTeam "Duesseldorf SK U14"]
[BlackTeam "Guetersloh U14"]
[WhiteTeamCountry "GER"]
[BlackTeamCountry "GER"]

1. e4 c5 2. Nf3 d6 3. d4 cxd4 4. Nxd4 Nf6 5. Nc3 a6 6. a3 e6 7. Bc4 Be7 8. 0-0 Qc7 9. Bb3 Nbd7 10. Re1 b5 11. Bg5 0-0 12. Nf3 Bb7 13. Nd2 h6 14. Bh4 Rfe8 15. Nf3 Rad8 16. Qd2 Nc5 17. Bxf6 Bxf6 18. e5 dxe5 19. Qe3 Bxf3 20. Qxf3 Nxb3 21. cxb3 Rd7 22. Rab1 Red8 23. Red1 Bg5 24. Ne4 Rxd1+ 25. Rxd1 Rxd1+ 26. Qxd1 Qc1 27. Qxc1 Bxc1 28. a4 Bxb2 29. axb5 axb5 30. f3 Kf8 31. Kf2 b4 32. Ke2 f5 33. Nd2 Ba3 34. Kd3 Ke7 35. Nc4 Kf6 36. h4 g5 37. hxg5+ hxg5 38. g3 g4 39. fxg4 fxg4 40. Ke4 Bc1 41. Nxe5 Kg5 42. Nd3 Bd2 43. Ke5 Be3 44. Kxe6 Bg1 45. Nf4 Be3 46. Ne2 Bd2 47. Ke5 1/2-1/2